000 04772nkm0a2200601 4500
001 RU\NLR\BIBL_A\022641930
005 20251127234506.0
035 _a(NLR Aleph) 022641930
071 5 0 _a5
_93000
090 _a88891
_c88891
100 _a20251130 rusy50
101 0 _arus
102 _aRU
116 _adiybxx zz ae
135 _acrcn 024anaba
181 0 _ab4
_bxb2e
182 0 _an
200 1 _aМакач-Кала
_iГорсад и Памятник борцам революции
_eоткрытое письмо
203 _aИзображение
_bнеподвижное
_bдвухмерное
_bвизуальное
_cнепосредственное
210 _a[Москва]
_cКонтрагентство печати
_d[1926 или 1927]
_eМосква
_gТипо-лит. им. Дунаева
215 _a1 л.
_cглуб. печ.
_d14х9,2
300 _aЦенз. разрешение: Главлит № 76731
301 _aИзд. номер: № 5
325 _aКопия доступна в Электрон. б-ке РНБ
540 1 _aМакачкала. Горсад и Памятник борцам революции
540 1 _aМакачкала. Городской сад и Памятник борцам революции
606 1 _aПочтовые открытки маркированные художественные
_yСССР
_z1917 - 1941
_2nlr_sh2
_3RU\NLR\AUTH\6601555037
606 1 _aФотографические открытки
_2nlr_sh2
_3RU\NLR\AUTH\661600135
606 1 _aГородские сады
_jОткрытки
_2nlr_sh1
_3RU\NLR\AUTH\66321330
606 1 _aПамятники
_jОткрытки
_2nlr_sh1
_3RU\NLR\AUTH\66328542
607 _aМахачкала, город (Дагестан)
_jОткрытки
_2nlr_sh1
_2nlr_sh2
_3RU\NLR\AUTH\66595032
610 1 _aВидовые открытки
617 _aСССР
_bДагестанская АССР
_dМахачкала, город
_eГородской сад
_eПамятник борцам революции
686 0 _aЩ153(2)7-489
712 0 2 _aВсесоюзное контрагентство печати
_3RU\NLR\AUTH\885157
_4650
712 0 2 _aТипография им. Дунаева
_cМосква
_3RU\NLR\AUTH\8810047139
_4610
830 _a"В ноябре 1917 года частное предприятие Суворина было национализировано и на его основе создано Контрагентсов «Центропечать». 13 декабря 1921 года Коллегия Агитпропотдела ЦК РКП(б) постановила ликвидировать «Центропечать» ... в январе 1922 года была образована Центральная экспедиция советской и партийной печати (ЦЭП). Тогда же, в самом начале 1922 года, бывший железнодорожный отдел «Центропечати» был реформирован в "Контрагентство печати" Народного комиссариата почт и телеграфов, которое просуществовало до 1927 года. В 1927 году преобразовано в «Издательство Всесоюзного Контрагентства Печати»": https://ca-photoarchives.net/funds/734/ (10.10.2025). АЯ ОЭФ
830 _a"Всесоюзное Контрагентство печати Просуществовало в период с 1927 по 1930 год. В 1930 году преобразовано в "Союзпечать"": https://ca-photoarchives.net/funds/734/ (10.10.2025). АЯ ОЭФ
830 _aДатировка: вероятно, до появления Всесоюзного Контрагентства печати; с учетом поступления экз. в РНБ. АЯ ОЭФ
830 _aПоступление: Г.П.Б. 1927. (инв.67986). АЯ ОЭФ
852 0 0 _aNLR
_bЭ
_jОТ63/М360
_mинв.67986
856 0 _uhttps://vivaldi.nlr.ru/lo000072336/view
856 1 _uhttps://vivaldi.nlr.ru/lo000072336/cover
856 2 _uhttps://vivaldi.nlr.ru/lo000072336/text
901 _eИзографические материалы
942 _cVISUAL
945 _aРоссийская национальная библиотека
980 _aBV
980 _aNB
981 1 7 _a(17) Изографические материалы
_b(17) Открытки